Normal view
MARC view
Entry Topical Term
001 - CONTROL NUMBER
- control field: 18599
003 - CONTROL NUMBER IDENTIFIER
- control field: OSt
005 - DATE AND TIME OF LATEST TRANSACTION
- control field: 20240710102905.0
008 - FIXED-LENGTH DATA ELEMENTS
- fixed length control field: 240710|| aca||aabn | a|a d
040 ## - CATALOGING SOURCE
- Original cataloging agency: OSt
- Transcribing agency: OSt
150 ## - HEADING--TOPICAL TERM
- Topical term or geographic name entry element: Pathological laboratories
- General subdivision: Quality control
- General subdivision: Cost effectiveness
670 ## - SOURCE DATA FOUND
- Source citation: Work cat.: (OSt)9134: Westgard, James O., 1941- 18598, Cost-effective quality control :, c1986.
